Catálogo inventario de las piezas egipcias del Museo Episcopal de Vic / por Lorenzo Baqués Estapé
Publicado:
Barcelona :
Diputación Provincial de Barcelona. Instituto de Prehistoria y Arqueología ,
1972
Descripción Física:
p. 209-250 : il. ; 27 cm
Colección:
Monografías ; 39
MARC
| LEADER | 00000nam a2200000Ia 4500 | ||
|---|---|---|---|
| 001 | 7805 | ||
| 008 | 160829s1972 xx 000 0 cat d | ||
| 080 | |a FU-21-28 | ||
| 100 | |a Baqués Estapé, Lorenzo |9 31616 | ||
| 245 | |a Catálogo inventario de las piezas egipcias del Museo Episcopal de Vic / por Lorenzo Baqués Estapé | ||
| 260 | |a Barcelona : |b Diputación Provincial de Barcelona. Instituto de Prehistoria y Arqueología, |c 1972 | ||
| 300 | |a p. 209-250 : |b il. ; |c 27 cm | ||
| 490 | |a Monografías ; 39 | ||
| 590 | |a Separata d'Ampurias ; 33-34 | ||
| 650 | |a Museu Episcopal de Vic |x Catàlegs |9 31617 | ||
| 650 | |a Art egipci |x Vic |9 31618 | ||
| 710 | 2 | |a Instituto de Prehistoria y Arqueología (Barcelona, Catalunya) |9 54255 | |
| 901 | |a Arxiu | ||
| 942 | |n 1 |2 udc | ||
| 952 | |0 0 |1 0 |4 0 |6 FU2128 |7 1 |9 45695 |a Arxiu |b Arxiu |d 2016-12-01 |l 0 |o FU-21-28 |p 7805 |r 2016-12-01 00:00:00 |w 2016-12-01 |y ARXIU | ||
| 999 | |c 49195 |d 49195 | ||